000 00715nam a22002172 4500
001 0000007128
005 20151021151111.0
008 071119s xx 000 0 eng d
020 _a1403997381 :
_cKES 1237.50
040 _aKABU
_cKABU
100 1 _aPeck, John.
_@0000085181
245 1 4 _aThe Student's guide to writing :
_bgrammar, punctuation and spelling /
_cJohn Peck and Martin Coyle.
250 _a2nd ed.
260 _aBasingstoke, England :
_bPalgrave Macmillan,
_c2005.
300 _aviii,157 p.
650 0 _aEnglish language
_xGrammar.
_@0000151342
650 0 _aReport writing.
_@0000152055
908 _a071119
950 _@1
999 _c689
_d689